000 00416nam a22001457a 4500
020 _a0-7493-0193-7
082 _a823
_bMOR/P
100 _aMORDDEN, ETHAN
245 _aPOOH'S WORKOUT BOOK
260 _aGREAT BRITAIN
_bMANDARIN
_c1994
300 _a170
520 _a...TONE UP YOUR MUSCLES AND STRIDE THROUGH THE FOREST LIKE A BEAR OF GREAT STRENGTH
650 _aCHILDREN'S STORY BOOK
_zUNITED KINGDOM
942 _cBK
999 _c3580
_d3580